Statistics for ALL BFDI TEAMS

Click here to take the quiz!

General Stats

  • This quiz has been taken 28 times
    (7 since last reset)
  • The average score is 22 of 28

Answer Stats

SeasonAnswer% Correct
Battle for Dream IslandAnother Name
100%
Battle for Dream Island AgainFreeSmart
100%
Battle for Dream IslandSquashy Grapes
100%
Battle for Dream IslandSquishy Cherries
100%
The Power of TwoThe S!
100%
Battle for BFDIA Better Name Than That
80%
The Power of TwoAre You Okay
80%
Battle for BFDIBEEP
80%
Battle for BFDIBleh
80%
Battle for BFDIDeath P.A.C.T.
80%
The Power of TwoDeath P.A.C.T. Again
80%
Battle for BFDIFree Food
80%
Battle for Dream Island AgainFries
80%
Battle for BFBHave Cots
80%
Battle for BFBHave Nots
80%
Battle for BFDIiance
80%
Battle for BFBNewbie Alliance
80%
The Power of TwoTeam8s
80%
Battle for Dream Island AgainTeam No-Name
80%
The Power of TwoTear Drop
80%
Battle for BFDIThe Losers!
80%
The Power of TwoThe Strongest Team on Earth
80%
Battle for Dream Island AgainW.O.A.H. Bunch
80%
The Power of TwoJust Not
60%
Battle for BFDITeam Ice Cube!
60%
Total Firey IslandMurderer Trout
40%
Battle for Dream Island AgainThe Beautiful Face Devotion Institute
40%
Total Firey IslandYelling Beavers
40%

Score Distribution

Percentile by Number Answered

Percent of People with Each Score

Your Score History

You have not taken this quiz since the last reset